| 000 | 01284naa a22003017a 4500 | ||
|---|---|---|---|
| 001 | BR8300864 | ||
| 003 | BR-BrBNA | ||
| 005 | 20250721143219.0 | ||
| 007 | ta | ||
| 008 | 250630b bl.|||m| |||| 00| 0 por d | ||
| 040 |
_aBR-BrBNA _bpor _cBiblioteca Nacional de Agricultura |
||
| 041 | _a(Pt) | ||
| 072 |
_aF00 _b0336 _b3575 |
||
| 090 | _aF00 BR8300864 | ||
| 100 | 1 | _aLin, S.S. | |
| 111 | 1 |
_a2. Seminario Nacional de Pesquisa de Soja _cBrasilia, DF (Brazil) _d16 Feb 1981 |
|
| 245 | 1 | _aEfeito do vigor da semente no desempenho da planta de soja (Glycine max (L.)Merrill)no campo | |
| 246 | 1 | _aEffect of soybean (Glycine max (L.)Merrill)seed vigor on plant characteristics in the field | |
| 246 | 1 |
_a[Annals of the 2. National Seminar of Soybean Research] _bv. 1 |
|
| 500 | _aAnais do 2. Seminario Nacional de Pesquisa de Soja Londrina, PR (Brasil): 1982. p. 610-621 [7 tables; Summaries (En, Pt)] (BR8300864-AMS) | ||
| 773 | 0 |
_tAnais do 2. Seminario Nacional de Pesquisa de Soja _b _wF00 BR8300864 _gLondrina, PR (Brasil), 1982. p. 610-621 |
|
| 650 | _aSOJA | ||
| 650 | _aSEMENTE | ||
| 650 | _aTESTE DE VIGOR | ||
| 490 |
_aDocumentos - Centro Nacional de Pesquisa de Soja (Brazil) _vno. 1 _xISSN 0101-5494 |
||
| 942 |
_cAMS _2AGRIS |
||
| 909 |
_a202506 _bLúcia _c55 _dLúcia Elande |
||
| 999 |
_c334417 _d334417 |
||